000 00632nam a2200241Ia 4500
005 20260121112720.0
008 8215 260114s9999 xx 000 0 eng d
020 _a9789812563118
037 _aEBOOK
040 _aCRL
_beng
_cCRL
041 _aeng
_2eng
084 _qCRL
100 _aChivers Tristram
_9962053
245 0 _aGuide to Chalcogen-Nitrogen Chemistry, A
260 _bWorld Scientific
260 _bWSPC
260 _c2005
650 _aChemistry
_9962054
856 _uhttps://www.worldscientific.com/worldscibooks/10.1142/5701#t=toc
942 _cEBOOK
999 _c1545515
_d1545515